| 000 | 00743nam a2200253 i 4500 | ||
|---|---|---|---|
| 001 | 140122 | ||
| 003 | ES-MaACL | ||
| 005 | 20230906200018.0 | ||
| 007 | t| | ||
| 008 | 070214s1973 sp r ||||1| spa d | ||
| 020 | _a84-253-0321-4 | ||
| 080 | _a830-4"19" | ||
| 100 | 1 |
_aSchütz, Hannelore. _9174438 |
|
| 245 | 1 | 3 |
_aLa mujer domada / _cHannelore Schütz ; con un epílogo de Ursula von Kardoff ; traducción de Máximo Estrella. |
| 250 | _a1ª ed. | ||
| 260 |
_aBarcelona : _bGrijalbo, _c1973. |
||
| 300 |
_a188 p. ; _c20 cm. |
||
| 490 | 1 | _aBestsellers | |
| 700 | 1 |
_aKardoff, Ursula von. _967556 |
|
| 700 | 1 |
_aEstrella, Máximo. _948251 |
|
| 830 | 1 |
_aBestsellers _9220298 |
|
| 852 | 4 |
_aES-MaACL _jC-55675 |
|
| 999 |
_c140122 _d140122 |
||